Statistics for Random World Capitals by Map

Click here to take the quiz!

General Stats

  • This quiz has been taken 157 times
  • The average score is 17 of 20

Answers on the Map

Answers color-coded by a green-red scale on the quiz's map according to % correct below.
 

Answer Stats

Capital% Correct
Accra
100%
Algiers
100%
Amman
100%
Amsterdam
100%
Andorra la Vella
100%
Ankara
100%
Apia
100%
Asunción
100%
Baku
100%
Bamako
100%
Bangkok
100%
Bangui
100%
Banjul
100%
Beirut
100%
Belgrade
100%
Belmopan
100%
Berlin
100%
Bern
100%
Bishkek
100%
Bogotá
100%
Brasília
100%
Brazzaville
100%
Brussels
100%
Budapest
100%
Buenos Aires
100%
Cairo
100%
Canberra
100%
Chișinău
100%
Conakry
100%
Copenhagen
100%
Dakar
100%
Damascus
100%
Dhaka
100%
Dili
100%
Dodoma
100%
Dublin
100%
Funafuti
100%
Guatemala City
100%
Hanoi
100%
Harare
100%
Havana
100%
Helsinki
100%
Islamabad
100%
Jakarta
100%
Kabul
100%
Kampala
100%
Kathmandu
100%
Kingston
100%
Kinshasa
100%
La Paz or Sucre
100%
Libreville
100%
Lilongwe
100%
Lima
100%
Lisbon
100%
Ljubljana
100%
London
100%
Luanda
100%
Lusaka
100%
Luxembourg
100%
Madrid
100%
Malabo
100%
Malé
100%
Managua
100%
Manama
100%
Manila
100%
Maputo
100%
Mexico City
100%
Minsk
100%
Mogadishu
100%
Monaco
100%
Montevideo
100%
Moroni
100%
Nairobi
100%
N'Djamena
100%
New Delhi
100%
Nicosia
100%
Nukuʻalofa
100%
Ottawa
100%
Panama City
100%
Paramaribo
100%
Paris
100%
Phnom Penh
100%
Port Moresby
100%
Port-of-Spain
100%
Prague
100%
Pretoria, Cape Town,
or Bloemfontein
100%
Pristina
100%
Reykjavík
100%
Riga
100%
Saint John's
100%
Sana'a
100%
San José
100%
San Salvador
100%
Santiago
100%
Santo Domingo
100%
Sarajevo
100%
Seoul
100%
Singapore
100%
Skopje
100%
Sri Jayawardenapura Kotte
100%
Taipei
100%
Tallinn
100%
Tashkent
100%
Tbilisi
100%
Tegucigalpa
100%
Tehran
100%
Tirana
100%
Tokyo
100%
Tripoli
100%
Ulaanbaatar
100%
Vaduz
100%
Vatican City
100%
Vienna
100%
Vientiane
100%
Washington D.C.
100%
Yamoussoukro
100%
Yaoundé
100%
Yerevan
100%
Zagreb
100%
Doha
88%
Quito
86%
Bucharest
83%
Saint George's
83%
Thimphu
83%
Beijing
80%
Bratislava
80%
Pyongyang
80%
Asmara
75%
Jerusalem
75%
Kuala Lumpur
75%
Kuwait City
75%
Moscow
75%
Riyadh
75%
Sofia
75%
Stockholm
75%
Vilnius
75%
Warsaw
75%
Mbabane
71%
Abu Dhabi
67%
Caracas
67%
Freetown
67%
Gitega
67%
Majuro
67%
Monrovia
67%
Nassau
67%
Oslo
67%
Port Vila
67%
Rabat
67%
Rome
67%
San Marino
67%
São Tomé
67%
Suva
67%
Wellington
67%
Windhoek
67%
Juba
60%
Ouagadougou
60%
Kingstown
57%
Abuja
50%
Athens
50%
Baghdad
50%
Bandar Seri Begawan
50%
Basseterre
50%
Castries
50%
Djibouti
50%
Dushanbe
50%
Honiara
50%
Lomé
50%
Maseru
50%
Muscat
50%
Niamey
50%
Nouakchott
50%
Port-au-Prince
50%
Port Louis
50%
South Tarawa
50%
Yaren
50%
Gaborone
43%
Palikir
43%
Ashgabat
33%
Kigali
33%
Podgorica
33%
Praia
33%
Addis Ababa
0%
Antananarivo
0%
Astana
0%
Bissau
0%
Bridgetown
0%
Georgetown
0%
Khartoum
0%
Kyiv
0%
Naypyidaw
0%
Ngerulmud
0%
Porto-Novo or Cotonou
0%
Roseau
0%
Tunis
0%
Valletta
0%
Victoria
0%

Score Distribution

Percentile by Number Answered

Percent of People with Each Score

Your Score History

You have not taken this quiz